MacGibbon’s Pictorial Drawing Book for Marine Engineers / (Record no. 32126)

000 -LEADER
fixed length control field 00561 a2200193 4500
003 - CONTROL NUMBER IDENTIFIER
control field OSt
005 - DATE AND TIME OF LATEST TRANSACTION
control field 20260218161113.0
008 - FIXED-LENGTH DATA ELEMENTS--GENERAL INFORMATION
fixed length control field 260218b ||||| |||| 00| 0 eng d
040 ## - CATALOGING SOURCE
Transcribing agency .
082 ## - DEWEY DECIMAL CLASSIFICATION NUMBER
Classification number 604.2
Item number H724
100 ## - MAIN ENTRY--PERSONAL NAME
9 (RLIN) 2730
Personal name Holburn, James G.
245 ## - TITLE STATEMENT
Title MacGibbon’s Pictorial Drawing Book for Marine Engineers /
Statement of responsibility, etc. James G. Holburn and John J. Seaton
250 ## - EDITION STATEMENT
Edition statement 8th ed.
260 ## - PUBLICATION, DISTRIBUTION, ETC.
Name of publisher, distributor, etc. Brown Son & Ferguson Ltd,
Place of publication, distribution, etc. Glasgow :
Date of publication, distribution, etc. 2016.
300 ## - PHYSICAL DESCRIPTION
Extent 128 p.
650 #0 - SUBJECT ADDED ENTRY--TOPICAL TERM
9 (RLIN) 171
Topical term or geographic name entry element Mechanical Drawing
700 ## - ADDED ENTRY--PERSONAL NAME
9 (RLIN) 2732
Personal name Seaton, John J.
942 ## - ADDED ENTRY ELEMENTS (KOHA)
Source of classification or shelving scheme
Koha item type Books
Holdings
Withdrawn status Lost status Source of classification or shelving scheme Damaged status Not for loan Collection code Permanent Location Current Location Shelving location Date acquired Source of acquisition Cost, normal purchase price Full call number Barcode Date last seen Cost, replacement price Price effective from Koha item type
          Non-fiction IMU Kolkata IMU Kolkata Reference 2026-03-10 30 923.37 604.2 H724 14803 2026-03-10 1489.32 2026-03-10 Books
          Non-fiction IMU Kolkata IMU Kolkata   2026-03-10 30 923.37 604.2 H724 14804 2026-03-10 1489.32 2026-03-10 Books
          Non-fiction IMU Kolkata IMU Kolkata   2026-03-10 30 923.37 604.2 H724 14805 2026-03-10 1489.32 2026-03-10 Books
Designed and Maintained by IMU-KC Library, Kolkata Campus © Copyright All Rights Reserved

webs counters

Powered by Koha